<?xml version="1.0" encoding="UTF-8"?>
<record
    xmlns:xsi="http://www.w3.org/2001/XMLSchema-instance"
    xsi:schemaLocation="http://www.loc.gov/MARC21/slim http://www.loc.gov/standards/marcxml/schema/MARC21slim.xsd"
    xmlns="http://www.loc.gov/MARC21/slim">

  <leader>01683nam0a22002771  4500</leader>
  <controlfield tag="001">v19\rc\1406846</controlfield>
  <controlfield tag="005">20260405170938.0</controlfield>
  <datafield tag="035" ind1=" " ind2=" ">
    <subfield code="a">(NLR Aleph) 005222920</subfield>
  </datafield>
  <datafield tag="090" ind1=" " ind2=" ">
    <subfield code="a">5524110</subfield>
    <subfield code="c">5524110</subfield>
  </datafield>
  <datafield tag="100" ind1=" " ind2=" ">
    <subfield code="a">20060512d1876    |||y0rusy50      ca</subfield>
  </datafield>
  <datafield tag="101" ind1="0" ind2=" ">
    <subfield code="a">rus</subfield>
  </datafield>
  <datafield tag="102" ind1=" " ind2=" ">
    <subfield code="a">RU</subfield>
  </datafield>
  <datafield tag="105" ind1=" " ind2=" ">
    <subfield code="a">y   z   |||||</subfield>
  </datafield>
  <datafield tag="200" ind1="1" ind2=" ">
    <subfield code="a">&#x421;&#x440;&#x430;&#x432;&#x43D;&#x438;&#x442;&#x435;&#x43B;&#x44C;&#x43D;&#x44B;&#x439; &#x43A;&#x430;&#x43B;&#x435;&#x43D;&#x434;&#x430;&#x440;&#x44C; &#x43D;&#x430;&#x440;&#x43E;&#x434;&#x43E;&#x432;, &#x43F;&#x440;&#x438;&#x43C;&#x435;&#x43D;&#x44F;&#x432;&#x448;&#x438;&#x445; &#x432; &#x43E;&#x441;&#x43D;&#x43E;&#x432;&#x430;&#x43D;&#x438;&#x435; &#x43B;&#x435;&#x442;&#x43E;&#x441;&#x447;&#x438;&#x441;&#x43B;&#x435;&#x43D;&#x438;&#x44F; &#x43F;&#x435;&#x440;&#x438;&#x43E;&#x434; &#x43E;&#x431;&#x440;&#x430;&#x449;&#x435;&#x43D;&#x438;&#x44F; &#x437;&#x435;&#x43C;&#x43B;&#x438; &#x432;&#x43E;&#x43A;&#x440;&#x443;&#x433; &#x441;&#x43E;&#x43B;&#x43D;&#x446;&#x430; &#x438; &#x432;&#x435;&#x434;&#x443;&#x449;&#x438;&#x445; &#x43B;&#x435;&#x442;&#x43E;&#x441;&#x447;&#x438;&#x441;&#x43B;&#x435;&#x43D;&#x438;&#x435; &#x43F;&#x43E; &#x442;&#x435;&#x447;&#x435;&#x43D;&#x438;&#x44E; &#x43B;&#x443;&#x43D;&#x44B; &#x432;&#x43E;&#x43A;&#x440;&#x443;&#x433; &#x437;&#x435;&#x43C;&#x43B;&#x438;, &#x43D;&#x430; 1876 &#x433;&#x43E;&#x434;</subfield>
    <subfield code="f">&#x421;&#x43E;&#x441;&#x442;. &#x418;.&#x412;. &#x411;&#x435;&#x43D;&#x442;&#x43A;&#x43E;&#x432;&#x441;&#x43A;&#x438;&#x43C;, &#x447;&#x43B;.-&#x441;&#x43E;&#x442;&#x440;. &#x418;&#x43C;&#x43F;. &#x43E;-&#x432;: &#x41A;&#x430;&#x432;&#x43A;. &#x43E;&#x442;&#x434;. &#x420;&#x443;&#x441;.-&#x433;&#x435;&#x43E;&#x433;&#x440;., &#x41A;&#x430;&#x432;&#x43A;. &#x43C;&#x435;&#x434;. &#x438; &#x41E;-&#x432;&#x430; &#x435;&#x441;&#x442;&#x435;&#x441;&#x442;&#x432;&#x43E;&#x438;&#x441;&#x43F;&#x44B;&#x442;&#x430;&#x442;&#x435;&#x43B;&#x435;&#x439; &#x43F;&#x440;&#x438; &#x41D;&#x43E;&#x432;&#x43E;&#x440;&#x43E;&#x441;. &#x443;&#x43D;-&#x442;&#x435;...</subfield>
  </datafield>
  <datafield tag="210" ind1=" " ind2=" ">
    <subfield code="a">&#x421;&#x442;&#x430;&#x432;&#x440;&#x43E;&#x43F;&#x43E;&#x43B;&#x44C;</subfield>
    <subfield code="c">&#x442;&#x438;&#x43F;. &#x413;&#x443;&#x431;. &#x43F;&#x440;&#x430;&#x432;&#x43B;.</subfield>
    <subfield code="d">1876</subfield>
  </datafield>
  <datafield tag="215" ind1=" " ind2=" ">
    <subfield code="a">29 &#x441;.</subfield>
    <subfield code="d">29</subfield>
  </datafield>
  <datafield tag="311" ind1=" " ind2=" ">
    <subfield code="a">&#x41E;&#x441;&#x43E;&#x431;&#x43E;&#x435; &#x43F;&#x440;&#x438;&#x43B;. &#x43A; 7 &#x432;&#x44B;&#x43F;. "&#x421;&#x431;. &#x441;&#x442;&#x430;&#x442;. &#x441;&#x432;&#x435;&#x434;&#x435;&#x43D;&#x438;&#x439; &#x43E; &#x421;&#x442;&#x430;&#x432;&#x440;&#x43E;&#x43F;. &#x433;&#x443;&#x431;."</subfield>
  </datafield>
  <datafield tag="422" ind1=" " ind2="0">
    <subfield code="1">2001#$a&#x421;&#x431;&#x43E;&#x440;&#x43D;&#x438;&#x43A; &#x441;&#x442;&#x430;&#x442;&#x438;&#x441;&#x442;&#x438;&#x447;&#x435;&#x441;&#x43A;&#x438;&#x445; &#x441;&#x432;&#x435;&#x434;&#x435;&#x43D;&#x438;&#x439; &#x43E; &#x421;&#x442;&#x430;&#x432;&#x440;&#x43E;&#x43F;&#x43E;&#x43B;&#x44C;&#x441;&#x43A;&#x43E;&#x439; &#x433;&#x443;&#x431;&#x435;&#x440;&#x43D;&#x438;&#x438;$v&#x412;&#x44B;&#x43F;. 7</subfield>
    <subfield code="t">&#x421;&#x431;&#x43E;&#x440;&#x43D;&#x438;&#x43A; &#x441;&#x442;&#x430;&#x442;&#x438;&#x441;&#x442;&#x438;&#x447;&#x435;&#x441;&#x43A;&#x438;&#x445; &#x441;&#x432;&#x435;&#x434;&#x435;&#x43D;&#x438;&#x439; &#x43E; &#x421;&#x442;&#x430;&#x432;&#x440;&#x43E;&#x43F;&#x43E;&#x43B;&#x44C;&#x441;&#x43A;&#x43E;&#x439; &#x433;&#x443;&#x431;&#x435;&#x440;&#x43D;&#x438;&#x438;</subfield>
  </datafield>
  <datafield tag="700" ind1=" " ind2="1">
    <subfield code="4">220</subfield>
    <subfield code="8">rus</subfield>
    <subfield code="7">ca</subfield>
    <subfield code="a">&#x411;&#x435;&#x43D;&#x442;&#x43A;&#x43E;&#x432;&#x441;&#x43A;&#x438;&#x439;</subfield>
    <subfield code="b">&#x418;. &#x412;.</subfield>
    <subfield code="f">1812-1890</subfield>
    <subfield code="g">&#x418;&#x43E;&#x441;&#x438;&#x444; &#x412;&#x438;&#x43A;&#x435;&#x43D;&#x442;&#x44C;&#x435;&#x432;&#x438;&#x447;</subfield>
    <subfield code="3">RU\NLR\AUTH\7772660</subfield>
    <subfield code="9">55588</subfield>
  </datafield>
  <datafield tag="801" ind1=" " ind2="2">
    <subfield code="a">RU</subfield>
    <subfield code="b">NLR</subfield>
    <subfield code="c">20090311</subfield>
    <subfield code="2">rusmarc</subfield>
  </datafield>
  <datafield tag="801" ind1=" " ind2="0">
    <subfield code="a">RU</subfield>
    <subfield code="b">NLR</subfield>
    <subfield code="c">20060512</subfield>
    <subfield code="g">psbo</subfield>
  </datafield>
  <datafield tag="801" ind1=" " ind2="0">
    <subfield code="a">RU</subfield>
    <subfield code="b">RuMoRGB</subfield>
    <subfield code="c">20060512</subfield>
    <subfield code="2">psbo</subfield>
  </datafield>
  <datafield tag="801" ind1=" " ind2="1">
    <subfield code="a">RU</subfield>
    <subfield code="b">ProSoft-M</subfield>
    <subfield code="c">20060512</subfield>
    <subfield code="2">rusmarc</subfield>
  </datafield>
  <datafield tag="852" ind1=" " ind2=" ">
    <subfield code="a">NLR</subfield>
    <subfield code="j">18.113.8.407</subfield>
  </datafield>
  <datafield tag="942" ind1=" " ind2=" ">
    <subfield code="c">BOOK</subfield>
  </datafield>
  <datafield tag="980" ind1=" " ind2=" ">
    <subfield code="a">NB</subfield>
  </datafield>
  <datafield tag="995" ind1=" " ind2=" ">
    <subfield code="5">2013-10-26</subfield>
    <subfield code="b">NLR02</subfield>
    <subfield code="c">NLR02</subfield>
    <subfield code="e">RFS</subfield>
    <subfield code="f">5222920-10</subfield>
    <subfield code="k">18.113.8.407</subfield>
    <subfield code="o">0</subfield>
    <subfield code="r">BOOK</subfield>
    <subfield code="s">181138407_</subfield>
  </datafield>
</record>
